LEADER 01579nas 2200457- 450 001 996208498903316 005 20200912060553.5 011 $a2193-8636 035 $a(DE-599)ZDB2758695-9 035 $a(OCoLC)870881121 035 $a(CKB)3400000000085953 035 $a(CONSER)--2014254514 035 $a(EXLCZ)993400000000085953 100 $a20140220a20149999 --- a 101 0 $aeng 135 $aur||||||||||| 181 $ctxt$2rdacontent 182 $cc$2rdamedia 183 $acr$2rdacarrier 200 00$aDecision analytics 210 1$aHeidelberg, Germany :$cSpringer-Verlag, GmbH,$d2014- 215 $a1 online resource 300 $aRefereed/Peer-reviewed 300 $a"A SpringerOpen journal." 330 $aThe journal is a forum for exchange of research findings, analysis, information, and knowledge in areas which include but are not limited to: data mining, predictive modeling, simulation modeling, optimization modeling, prescriptive methods, and business intelligence. 531 $aDECIS ANAL 531 0 $aDecis. anal. 606 $aDecision making$vPeriodicals 606 $aProblem solving$vPeriodicals 606 $aDecision making$2fast$3(OCoLC)fst00889035 606 $aProblem solving$2fast$3(OCoLC)fst01077890 608 $aPeriodicals.$2fast 610 $aMathematical Statistics 615 0$aDecision making 615 0$aProblem solving 615 7$aDecision making. 615 7$aProblem solving. 906 $aJOURNAL 912 $a996208498903316 996 $aDecision analytics$92056216 997 $aUNISA LEADER 02701oas 22009253a 450 001 9910144095103321 005 20250617213021.0 011 $a2168-460X 035 $a(OCoLC)60618229 035 $a(CONSER) 2012203316 035 $a(CKB)991042728213034 035 $a(EXLCZ)99991042728213034 100 $a20050614a20039999 sy a 101 0 $aeng 135 $aurun||||||||| 181 $ctxt$2rdacontent 182 $cc$2rdamedia 183 $acr$2rdacarrier 200 10$aAddiction professional 210 $aProvidence, R.I. $cManisses Communications Group 210 3 $aNew York, NY $cVendome Group, LLC 311 08$a1542-8435 606 $aAlcoholism$xTreatment$vPeriodicals 606 $aAlcoholism$xPrevention$vPeriodicals 606 $aSubstance abuse$xTreatment$vPeriodicals 606 $aSubstance-Related Disorders$xprevention & control 606 $aAlcohol-Related Disorders$xprevention & control 606 $aAlcoolisme$xTraitement$vPe?riodiques 606 $aAlcoolisme$xPre?vention$vPe?riodiques 606 $aAbus de substances psychoactives$xTraitement$vPe?riodiques 606 $aAlcoholism$xPrevention$2fast$3(OCoLC)fst00804503 606 $aAlcoholism$xTreatment$2fast$3(OCoLC)fst00804565 606 $aSubstance abuse$xTreatment$2fast$3(OCoLC)fst01136830 608 $aPeriodicals.$2fast 615 0$aAlcoholism$xTreatment 615 0$aAlcoholism$xPrevention 615 0$aSubstance abuse$xTreatment 615 12$aSubstance-Related Disorders$xprevention & control. 615 22$aAlcohol-Related Disorders$xprevention & control. 615 6$aAlcoolisme$xTraitement 615 6$aAlcoolisme$xPre?vention 615 6$aAbus de substances psychoactives$xTraitement 615 7$aAlcoholism$xPrevention. 615 7$aAlcoholism$xTreatment. 615 7$aSubstance abuse$xTreatment. 676 $a362 676 $a362.29 712 02$aNational Association of Alcoholism and Drug Abuse Counselors (U.S.) 801 0$bOCLCS 801 1$bOCLCS 801 2$bCO3 801 2$bOCLCQ 801 2$bDLC 801 2$bOCLCQ 801 2$bOCLCF 801 2$bOCLCO 801 2$bOCLCQ 801 2$bOCLCO 801 2$bOCLCQ 801 2$bWY@ 801 2$bU3W 801 2$bOCLCO 801 2$bREB 801 2$bOCLCO 801 2$bAU@ 801 2$bOCLCO 801 2$bWYU 801 2$bOCLCO 801 2$bOCLCA 801 2$bVT2 801 2$bOCLCO 801 2$bOCLCA 801 2$bOCLCQ 801 2$bIOY 801 2$bUEJ 801 2$bOCLCL 906 $aJOURNAL 912 $a9910144095103321 996 $aAddiction professional$92180831 997 $aUNINA